The offical launching of Global Halal Support Centre One Touch Point, 11th June 2012, : (Record no. 23854)
[ view plain ]
| 000 -LEADER | |
|---|---|
| fixed length control field | 00572nam a2200181#a 4500 |
| 001 - CONTROL NUMBER | |
| control field | 02295 |
| 003 - CONTROL NUMBER IDENTIFIER | |
| control field | HDC |
| 007 - PHYSICAL DESCRIPTION FIXED FIELD--GENERAL INFORMATION | |
| fixed length control field | ta |
| 008 - FIXED-LENGTH DATA ELEMENTS--GENERAL INFORMATION | |
| fixed length control field | 230623s2012 xx 000 0 eng d |
| 020 ## - INTERNATIONAL STANDARD BOOK NUMBER | |
| International Standard Book Number | Halal Industry Development Corporation. |
| 040 ## - CATALOGING SOURCE | |
| Original cataloging agency | HDC |
| 245 #4 - TITLE STATEMENT | |
| Title | The offical launching of Global Halal Support Centre One Touch Point, 11th June 2012, : |
| Remainder of title | video |
| Medium | [GMD] / |
| Statement of responsibility, etc. | Halal Industry Development Corporation. |
| 264 ## - PRODUCTION, PUBLICATION, DISTRIBUTION, MANUFACTURE, AND COPYRIGHT NOTICE | |
| Place of production, publication, distribution, manufacture | Malaysia : |
| Name of producer, publisher, distributor, manufacturer | Pixelworks, |
| Date of production, publication, distribution, manufacture, or copyright notice | 2012. |
| 700 ## - ADDED ENTRY--PERSONAL NAME | |
| Personal name | OneTouch Point. |
| 700 ## - ADDED ENTRY--PERSONAL NAME | |
| Personal name | OneTouch Point. |
| 700 ## - ADDED ENTRY--PERSONAL NAME | |
| Personal name | Global Halal Support Centre. |
| 942 ## - ADDED ENTRY ELEMENTS (KOHA) | |
| Source of classification or shelving scheme | Library of Congress Classification |
| Withdrawn status | Lost status | Source of classification or shelving scheme | Damaged status | Not for loan | Collection | Home library | Current library | Shelving location | Date acquired | Total checkouts | Full call number | Barcode | Date last seen | Price effective from | Koha item type |
|---|---|---|---|---|---|---|---|---|---|---|---|---|---|---|---|
| Library of Congress Classification | Non-fiction | Halal Development Corporation Library | Halal Development Corporation Library | Open Shelves | 17/11/2020 | cd HDC GHSC 2012 c74/1 | HDC0001513 | 24/05/2023 | 24/05/2023 | CD-ROM |
